Definitions - Words that End with Y - Statistics

General Stats
  • This quiz has been taken 22 times
  • The average score is 19 of 50
Answer Stats
Definition Word % Correct
To produce tears Cry
94%
To make an attempt at Try
94%
Full of anger Angry
88%
24 hours Day
88%
For what cause, reason, or purpose Why
81%
An animal hunted or killed by another animal Prey
75%
An object for a child to play with Toy
75%
Covered with hair Hairy
63%
Protein derived from soybeans Soy
63%
Causing laughter or amusement Funny
56%
One of the lines of light that appear to be given off by a bright object Ray
56%
Say something in response to something someone has said Reply
56%
A very young child Baby
50%
Broad inlet of the sea where the land curves inward Bay
50%
Grass that has been mown and dried for use as fodder Hay
50%
Used as a friendly greeting Hey
50%
To pronounce words or sounds Say
50%
Irritate someone Annoy
44%
A brain disorder that causes recurring, unprovoked seizures Epilepsy
44%
A nonhuman primate mammal Monkey
44%
Badly behaved Naughty
44%
Used to refer to two or more people They
44%
A road, track, path; a method, style, or manner Way
44%
A god or goddess Deity
38%
A feeling of great pleasure and happiness Joy/Happy
38%
Belonging to the speaker My
38%
The physical structure of a person or an animal Body
31%
Completely or entirely Fully
31%
Prepared for use or action Ready
31%
The study of the structure of a plant or animal Anatomy
25%
Absent from a place; gone Away
25%
The combination of simultaneous musical notes in a chord Harmony
25%
Engage in activity for entertainment Play
25%
Expressing triumph, approval, or encouragement Yay
25%
Indicating the means of achieving something By
19%
A strong feeling of support or allegiance Loyalty
19%
Able to be relied on as honest or truthful Trustworthy
19%
Used to refer to all the individual members of a set without exception Every
13%
In a high degree Very
13%
Support and move Carry
6%
The fact or condition of happening often; number of occurrences of a repeating event per unit of time Frequency
6%
Used to express assent, agreement, or acceptance Okay
6%
Small and weak Puny
6%
An organized group of people Society
6%
Differ in size, amount, degree, or nature from something else of the same general class Vary
6%
A place of study Academy
0%
Before or by now or the time in question Already
0%
Act in accordance with a wish or command Comply
0%
The way in which a substance, typically a liquid, holds together; thickness or viscosity Consistency
0%
Having started and in progress; being done or carried out Underway
0%
No matching quizzes found
Score Distribution
Percent of People with Each Score
Percentile by Number Answered
Your Score History
You have not taken this quiz